000 00921nam a22002297a 4500
999 _c18531
_d18531
003 AR-CdUCM
008 190226b ||||| |||| 00| 0 spa d
040 _aMUNICIPALIDAD PROVINCIAL DEL CUSCO
_cBIBLIOTECA MUNICIPAL DEL CUSCO
082 _25ed.
_a985.009 /
_bG79
100 _aArosemena Garland, Geraldo
_94979
245 _aEl almirante Miguel Grau /
260 _aLima :
_bEnrique Ferreyros y cia,
_c1973.
300 _a239 páginas ;
_c26 cm.
505 _aContenido: Del Autor -- Carta del Vice Almirate Ministro de Marina don Guillermo Faura Gaig al Autor -- Carta del Autor al señor Ministro de Marina -- Carta del Vice Almirante Ministro de Marina Don Augusto Gálvez Vedarle al autor.
650 _aPerú
_935
650 _aMarina de Guerra
_94980
650 _aHuascar
_94981
650 _aGuerra del Pacifico
_94982
650 _aGuerra Naval
_94983
942 _2ddc
_cLIBROS
945 _aacv
_d2019-05-14